Premlčanie nároku v medzinárodnej kamiónovej doprave

Platnosť zákona č. 513/1991 Zb. Obchodného zákonníka v znení neskorších predpisov a dohovoru o prepravnej zmluve z medzinárodnej cestnej nákladnej dopravy CMR č. 11/1975 Zb. Nákladný list ako zásadný doklad o uzavretí prepravnej zmluvy. Požiadavky na nákladný list. Osobitné plynutie premlčacích dôb...

Descrizione completa

Salvato in:
Dettagli Bibliografici
Autore principale: Strapáč, Peter
Natura: Capitolo di libro
Lingua:slovacco
Soggetti:
Tags: Aggiungi Tag
Nessun Tag, puoi essere il primo ad aggiungerne!!

MARC

LEADER 00000naa a2200000 4500
001 0178224
005 20231005092237.8
041 0 |a slo 
044 |a SK 
245 1 0 |a Premlčanie nároku v medzinárodnej kamiónovej doprave  |c Peter Strapáč 
520 |a Platnosť zákona č. 513/1991 Zb. Obchodného zákonníka v znení neskorších predpisov a dohovoru o prepravnej zmluve z medzinárodnej cestnej nákladnej dopravy CMR č. 11/1975 Zb. Nákladný list ako zásadný doklad o uzavretí prepravnej zmluvy. Požiadavky na nákladný list. Osobitné plynutie premlčacích dôb a samostatná premlčacia doba v zmysle dohovoru CMR. 
610 2 0 |a doprava cestná nákladná 
610 2 0 |a doprava medzinárodná 
610 2 0 |a legislatíva 
610 2 0 |a spory súdne 
610 2 0 |a právo 
610 2 0 |a zmluvy prepravné 
100 1 |a Strapáč, Peter